000 00470nam a2200181Ia 4500
008 090124s9999 xx 000 0 und d
082 _b44360
100 _aPOKALE SUDHA
245 _aMOTHER OR THE DIVINE MATERIALISM
250 _a3
260 _b"MIRA ADITI,MYSORE"
_c2003
300 _a433
600 _aPOKALE SUDHA
630 _aMOTHER OR THE DIVINE MATERIALISM
700 _aPOKALE SUDHA
730 _aMOTHER OR THE DIVINE MATERIALISM
942 _cBOOK
999 _c110764
_d110764